000 00730nam a22002177a 4500
005 20100810143634.0
010 _aENG-99225
020 _a8172652971
_c50.00
035 _aEN-82757
037 _bDBAD/PUB
082 _a921
100 _aThatte, Suresh Hari
_910215
245 _aAamche Bhau [our 'Bhau'] :
_b(our father) /
_cby Suresh Hari Thatte [and] Madhav Sadashiv Gore
260 _aPune
_bSnehavardhan
_c2008
270 _a 863 sadashiv Peth
_bPune
_e411030
300 _a52p.
_c20cm (pbk)
650 _aBiography
_910216
700 _aGore, Madhav Sadashiv
_910217
942 _2ddc
_cEN
_h921
_mTHA
999 _c40697
_d40697